|
|
|
|
| LEADER |
01095nam a2200253 a 4500 |
| 001 |
GR-MES2242 |
| 008 |
991111s1997 gr 000 0 gre d |
| 020 |
|
|
|a 960232578X
|
| 040 |
|
|
|a GrPaTEI
|b gre
|c GR-PaULI
|
| 245 |
0 |
0 |
|a Κοινοτικός τελωνεικός κώδικας :
|b Τελωνειακά καθεστώτα Ενδοκοινοτική κυκλοφορία εμπορευμάτων Ενδοκοινοτικό Φ.Π.Α. Ενδοκοινοτικό Ε.Φ.Κ.
|
| 260 |
|
|
|a Αθήνα :
|b ΑΝΤ.Ν.Σάκκουλα,
|c 1997
|
| 300 |
|
|
|a 526σελ.
|
| 650 |
|
4 |
|a ΔΑΣΜΟΙ
|
| 650 |
|
4 |
|a Ε.Ο.Κ.
|
| 650 |
|
4 |
|a ΕΜΠΟΡΕΥΜΑΤΑ
|
| 650 |
|
4 |
|a Εμπόριο
|
| 650 |
|
4 |
|a ΤΕΛΩΝΕΙΟ
|
| 650 |
|
4 |
|a Φορολογία
|
| 700 |
1 |
|
|a Βήτος, Γ.
|
| 710 |
0 |
|
|a ΑΝΤ.Ν.Σάκκουλα
|
| 942 |
|
|
|2 ddc
|
| 952 |
|
|
|0 0
|1 0
|2 ddc
|4 0
|6 382_700000000000000_ΒΗΤ
|7 0
|9 266568
|a MSLG
|b MSLG
|c BSC
|d 2021-01-17
|e 24
|f 0
|g 0.00
|l 0
|o 382.7 ΒΗΤ
|p 2420000006617
|r 2021-01-17 00:00:00
|t 1
|w 2021-01-17
|y BK15
|x 19991111 0 1
|x GrPaTEI
|
| 971 |
|
|
|a .b25732869
|b 16-04-20
|c 13-09-16
|
| 999 |
|
|
|c 153375
|d 153375
|